000 004710000a22001810004500
003 LK-CoMWRAF
005 20240210001909.0
008 230817t ||||| |||| 00| 0 eng d
020 _a9556101071
040 _aLK-CoMWRAF
_dLK-CoMWRAF
_eLK-CoMWRAF
041 _aeng
082 _a460
_bGAF
100 _aGaffoor, M. S.
245 _aThe Secrets of self - Improment
260 _aColombo :
_bState printing corporation (S.P.C.)
_c1992
300 _a100 p.
942 _cBK
999 _c1151
_d1151